[Event "13th EICC"]
[Site "Plovdiv BUL"]
[Date "2012.03.27"]
[Round "7.98"]
[White "Sarbok,T"]
[Black "Benidze,D"]
[Result "0-1"]
[WhiteElo "2349"]
[BlackElo "2530"]

1.e4 c5 2.Nf3 d6 3.Bb5+ Nd7 4.d4 a6 5.Bxd7+ Bxd7 6.O-O cxd4 7.Qxd4 Rc8 8.Nc3 e5
9.Qd3 h6 10.a4 Nf6 11.Be3 Be6 12.Nd2 Qc7 13.a5 Be7 14.Rfc1 Qc6 15.Na4 d5
16.exd5 Nxd5 17.Nb6 Nxe3 18.Qxe3 Rd8 19.Nf3 f6 20.c4 Bc5 21.Qc3 Bxb6 22.axb6 Qxb6
23.b4 O-O 24.c5 Qc6 25.h3 Bd5 26.Nh4 Rd7 27.Rd1 Be6 28.Rd3 Rfd8 29.Rad1 Qe4
30.Rxd7 Rxd7 31.Rxd7 Bxd7 32.Nf3 Bc6 33.Ne1 Kf7 34.f3 Qd5 35.Kf2 Ke6 36.Ke3 Bb5
37.f4 Qd1 38.fxe5 fxe5 39.Kf2 Qd4+ 40.Qe3 Qxb4 41.Nf3 Qb2+ 42.Kg3 Bc6 43.Qd3 Bxf3
44.Qd6+ Kf5 45.gxf3 Qd4 46.Qf8+ Kg6 47.Kg2 Qd2+ 48.Kg1 Qd7 49.Kg2 a5 50.h4 Qd2+
51.Kh3 Qf4 52.Qd6+ Kh5 53.Qd5 Qxh4+ 54.Kg2 Qg5+ 55.Kh3 Qf5+ 56.Kg3 Qg5+ 57.Kh3 Qe7
58.Kg3 Kg6 59.Kg2 Kf6 60.Kg3 Qc7  0-1

[Event "13th EICC"]
[Site "Plovdiv BUL"]
[Date "2012.03.27"]
[Round "7.60"]
[White "Pridorozhni,A"]
[Black "Lupulescu,C"]
[Result "1/2-1/2"]
[WhiteElo "2524"]
[BlackElo "2616"]

1.e4 c5 2.Nf3 d6 3.Bb5+ Nd7 4.O-O a6 5.Bxd7+ Bxd7 6.d4 cxd4 7.Qxd4 e5 8.Qd3 Rc8
9.c4 Be7 10.b3 b5 11.Nbd2 Bf6 12.Ba3 Ne7 13.Rfc1  1/2-1/2

[Event "13th EICC"]
[Site "Plovdiv BUL"]
[Date "2012.03.28"]
[Round "8.158"]
[White "Levine,Y"]
[Black "Kumic,F"]
[Result "0-1"]
[WhiteElo "2016"]
[BlackElo "2247"]

1.e4 c5 2.Nf3 d6 3.Bb5+ Bd7 4.Bxd7+ Qxd7 5.O-O Nf6 6.e5 dxe5 7.Nxe5 Qc8 8.Qf3 e6
9.d3 Be7 10.Nc3 O-O 11.a4 Nfd7 12.Nc4 Nc6 13.Bf4 Nd4 14.Qd1 Qc6 15.Ne4 f6
16.Bd6 Bxd6 17.Nexd6 Ne5 18.f4 Nxc4 19.Nxc4 Rad8 20.c3 Nf5 21.Qe2 b6 22.Rf3 Rfe8
23.Rh3 Qc7 24.Qe4 g6 25.Rf3 Kg7 26.Re1 h5 27.g3 Qd7 28.Ra1 Qd5 29.Re1 Qd7
30.Ra1 Re7 31.Kf2 Rde8 32.Kg1 Nh6 33.h3 Nf7 34.d4 Qd5 35.Nd2 Qd7 36.Raf1 Qxa4
37.dxc5 Qb5 38.c6 Nd6 39.Qc2 Qxc6 40.Nb3 f5 41.Nc1 e5 42.fxe5 Rxe5 43.Nd3 Re2
44.Qd1 Nf7 45.R3f2 R2e3 46.Kh2 Rd8 47.Nb4 Qc7 48.Nd5 Qxg3+ 49.Kh1 Qxh3+ 50.Rh2 Rxd5  0-1

[Event "17th Metropolitan IM"]
[Site "Los Angeles USA"]
[Date "2012.03.29"]
[Round "2"]
[White "Amanov,Z"]
[Black "Matikozian,A"]
[Result "1/2-1/2"]
[WhiteElo "2404"]
[BlackElo "2409"]

1.e4 c5 2.Nf3 d6 3.Bb5+ Bd7 4.Bxd7+ Qxd7 5.c4 Nc6 6.d4 cxd4 7.Nxd4 Nf6 8.Nc3 e6
9.O-O Be7 10.Be3 O-O 11.Rc1 b6 12.f3 Qb7 13.Qd2 a6 14.Rfd1 Rfd8 15.Qf2 Rab8
16.b3 Ne5 17.Rd2 Rdc8 18.Nde2 Ned7 19.Rcd1 Bf8 20.Kh1 Ne5  1/2-1/2

[Event "13th EICC"]
[Site "Plovdiv BUL"]
[Date "2012.03.29"]
[Round "9.43"]
[White "Simacek,P"]
[Black "Edouard,R"]
[Result "0-1"]
[WhiteElo "2447"]
[BlackElo "2607"]

1.e4 c5 2.Nf3 d6 3.Bb5+ Nd7 4.c3 Nf6 5.Qe2 a6 6.Ba4 e6 7.O-O Be7 8.d4 b5
9.Bc2 Bb7 10.Bg5 h6 11.Bh4 g5 12.Bg3 Nh5 13.Nbd2 Nxg3 14.hxg3 g4 15.Nh2 cxd4
16.cxd4 Qb6 17.d5 h5 18.a4 Rc8 19.Bd3 Ne5 20.axb5 Nxd3 21.Qxd3 Qxb5 22.Qe3 exd5
23.Rfe1 Bf6 24.exd5+ Kf8 25.Ne4 Qxd5 26.Qb6 Be5 27.Rad1 Qc6 28.Qb4 Rh6 29.f4 Bg7
30.Nf1 Re8 31.Rc1 Qd5 32.Kh2 a5 33.Qa4 Rhe6 34.Nfd2 f5 35.Rc7 fxe4 36.f5 R6e7  0-1

[Event "13th EICC"]
[Site "Plovdiv BUL"]
[Date "2012.03.29"]
[Round "9.49"]
[White "Papp,Ga"]
[Black "Hracek,Z"]
[Result "0-1"]
[WhiteElo "2551"]
[BlackElo "2627"]

1.e4 c5 2.Nf3 d6 3.Bb5+ Bd7 4.Bxd7+ Qxd7 5.O-O Nf6 6.e5 dxe5 7.Nxe5 Qc8 8.Qf3 e6
9.b3 Be7 10.Bb2 O-O 11.d3 Nfd7 12.Nxd7 Qxd7 13.Qg4 g6 14.Nd2 Nc6 15.Nf3 Qd5
16.Rad1 Rad8 17.c4 Qf5 18.Qxf5 gxf5 19.d4 Bf6 20.Ba3 cxd4 21.Bxf8 Kxf8 22.Ne1 e5
23.f3 Bg5 24.f4 Bxf4 25.Rxf4 exf4 26.Nd3 Ke7 27.Nxf4 Kd6 28.a3 Re8 29.b4 Re3
30.Nd3 b6 31.Kf2 Ne5 32.Ne1 Ng4+ 33.Kg1 Rxa3 34.Rxd4+ Ke6 35.h3 Ne5 36.c5 Rc3
37.Rd6+ Ke7 38.Rd5 Ke6 39.Rd6+ Ke7 40.Rd5 f6 41.cxb6 axb6 42.Rb5 Rc6 43.Nf3 Kd6
44.Nd4 f4 45.Nf5+ Kd7 46.Kf2 Rc2+ 47.Kg1 f3 48.Rxb6 Rxg2+ 49.Kf1 Nc4  0-1

[Event "Belgrade Spring Open 2012"]
[Site "Belgrade SRB"]
[Date "2012.03.30"]
[Round "7.6"]
[White "Maric,Dr"]
[Black "Lazarevic,ZV"]
[Result "1/2-1/2"]
[WhiteElo "2221"]
[BlackElo "2111"]

1.e4 c5 2.Nf3 d6 3.Bb5+ Nd7 4.d4 a6 5.Bxd7+ Bxd7 6.dxc5 dxc5 7.Be3 Qc7 8.Nc3 e6
9.O-O Bc6 10.Re1 Nf6 11.Bg5 Rd8 12.Qe2 Be7 13.e5 Bxf3 14.Qxf3 Nd5 15.h4 Nxc3
16.Qxc3 O-O 17.Rad1 h6 18.Bxe7 Qxe7 19.g3 b6 20.Qf3 Rxd1 21.Rxd1 Rd8 22.Kg2 Qc7
23.Rxd8+ Qxd8 24.Qc6 g6 25.c3 Kg7 26.Qf3  1/2-1/2

[Event "17th Metropolitan IM"]
[Site "Los Angeles USA"]
[Date "2012.03.30"]
[Round "5"]
[White "Sevian,Samuel"]
[Black "Matikozian,A"]
[Result "1/2-1/2"]
[WhiteElo "2223"]
[BlackElo "2409"]

1.e4 c5 2.Nf3 d6 3.Bb5+ Bd7 4.Bxd7+ Qxd7 5.O-O Nc6 6.c3 Nf6 7.Re1 e6 8.d4 cxd4
9.cxd4 d5 10.e5 Ne4 11.Nbd2 Nxd2 12.Bxd2 Be7 13.Rc1 O-O 14.Rc2 Nb4 15.Bxb4 Bxb4
16.Ree2 Rfc8 17.a3 Be7 18.Rxc8+ Rxc8 19.Rc2 Rxc2 20.Qxc2 a6 21.h3 h6 22.Kf1 Qb5+
23.Kg1 Qd7 24.Kf1  1/2-1/2

[Event "13th EICC"]
[Site "Plovdiv BUL"]
[Date "2012.03.30"]
[Round "10.149"]
[White "Barta,J"]
[Black "Sarbok,T"]
[Result "0-1"]
[WhiteElo "2148"]
[BlackElo "2349"]

1.e4 c5 2.Nf3 d6 3.Bb5+ Nd7 4.O-O a6 5.Bxd7+ Bxd7 6.c3 e6 7.d4 Nf6 8.e5 dxe5
9.Nxe5 cxd4 10.Qxd4 Bb5 11.Qxd8+ Rxd8 12.c4 Bd7 13.Nxd7 Rxd7 14.Nd2 Bd6 15.Nf3 Ke7
16.Be3 Rhd8 17.Bb6 Rc8 18.b3 Bc5 19.Bxc5+ Rxc5 20.Rfd1 b5 21.cxb5 Rxd1+ 22.Rxd1 axb5
23.a4 bxa4 24.bxa4 Ra5 25.Ra1 Nd7 26.Nd4 Ra6 27.Kf1 Nc5 28.a5 e5 29.Nf3 Ke6
30.Nd2 f6 31.Ke2 Kd5 32.Rd1 Kc6 33.Nc4 Kb5 34.Nd6+ Kxa5 35.Rd5 Kb4 36.f3 Ne6
37.Ke3 Nd4 38.f4 Rxd6 39.Rxd6 Nf5+ 40.Ke4 Nxd6+ 41.Kd5 e4  0-1

[Event "ch-CHN 2012"]
[Site "Xinghua CHN"]
[Date "2012.03.30"]
[Round "4"]
[White "Wang Chen"]
[Black "Ding Liren"]
[Result "0-1"]
[WhiteElo "2490"]
[BlackElo "2660"]

1.e4 c5 2.Nf3 d6 3.Bb5+ Nd7 4.O-O a6 5.Bd3 Ngf6 6.c3 b5 7.Bc2 Bb7 8.Qe2 e6
9.d4 Be7 10.Nbd2 Qc7 11.Bd3 O-O 12.Re1 e5 13.dxe5 dxe5 14.c4 b4 15.Nf1 Rfe8
16.Qc2 Nf8 17.Ne3 Ne6 18.Nd5 Qd6 19.a3 a5 20.b3 Nd7 21.Bd2 Bf8 22.Bf1 Bc6
23.g3 Qb8 24.a4 Nd4 25.Qd1 Ra6 26.Bh3 Nb6 27.Rf1 Nc8 28.Nxd4 cxd4 29.Qh5 Nd6
30.Rae1 Ra7 31.f4 Bxd5 32.cxd5 Rae7 33.Qf3 Qa7 34.f5 Rc7 35.f6 g6 36.Qg4 Rc2
37.Rf2 d3 38.Be3 Qc7 39.Rxc2 dxc2 40.Bd2 Qc5+ 41.Kg2 Qd4 42.Bc1 Rc8 43.Qe2 Rc3
44.Bg4 Nb7 45.Qb5 Nd6 46.Qe2 Qc5  0-1

[Event "28th Budapest Spring Festival"]
[Site "Budapest HUN"]
[Date "2012.03.31"]
[Round "6.6"]
[White "Kormos,Ad"]
[Black "Rodriguez Lopez,Ra"]
[Result "1-0"]
[WhiteElo "2194"]
[BlackElo "2266"]

1.e4 c5 2.Nf3 d6 3.Bb5+ Nd7 4.c3 Nf6 5.Qe2 a6 6.Ba4 Qc7 7.O-O c4 8.Bc2 e5
9.a4 Rb8 10.a5 b5 11.axb6 Nxb6 12.b3 cxb3 13.Bxb3 Be7 14.d4 O-O 15.h3 Bd7
16.c4 exd4 17.Nxd4 Bc8 18.Bf4 Nbd7 19.Nc3 Nc5 20.Bc2 Re8 21.Rad1 Ne6 22.Bh2 Bf8
23.Nf5 Rb6 24.e5 Nc5 25.Nxd6 Bxd6 26.exd6 Qc6 27.Qd2 Be6 28.Rfe1 Bxc4 29.Rxe8+ Qxe8
30.Qd4 Bb3 31.Bxb3 Rxb3 32.Qxc5  1-0

[Event "13th EICC"]
[Site "Plovdiv BUL"]
[Date "2012.03.31"]
[Round "11.17"]
[White "Kobalia,M"]
[Black "Durarbayli,V"]
[Result "1/2-1/2"]
[WhiteElo "2666"]
[BlackElo "2543"]

1.e4 c5 2.Nf3 d6 3.Bb5+ Bd7 4.Bxd7+ Qxd7 5.O-O Nf6 6.Qe2 Nc6 7.c3 e6 8.d4 cxd4
9.cxd4 d5 10.e5 Ne4 11.Be3 Be7 12.Ne1 f6 13.f3 Ng5 14.Nd3 O-O 15.Nd2 Rac8
16.Rac1 b6 17.Bf2 Nf7 18.f4 f5 19.Nf3 Na5 20.h3 Rxc1 21.Rxc1 Rc8 22.Rxc8+ Qxc8
23.Be1 Nc6 24.Qc2 Qd7 25.Qc3 Ncd8 26.b3 Qc6 27.Qd2 Qb5 28.Bh4 Bxh4 29.Nxh4 a5
30.Qc2 Qd7 31.Nf3 Nc6 32.Qc3 Na7 33.a4 Nc6 34.Kh2 Ne7 35.Qc1 Nc6 36.Qc3 Ne7
37.Qc1 Nc6 38.Qc3 Ne7 39.Qc1 Nc6 40.Qc3 Ne7  1/2-1/2

[Event "European Senior Teams 2012"]
[Site "Rogaska Slatina SLO"]
[Date "2012.03.31"]
[Round "5.11"]
[White "Woeber,F"]
[Black "Hoelzl,F"]
[Result "0-1"]
[WhiteElo "2175"]
[BlackElo "2336"]

1.e4 c5 2.Nf3 d6 3.Bb5+ Bd7 4.a4 g6 5.d4 cxd4 6.Qxd4 Nf6 7.e5 dxe5 8.Nxe5 Bg7
9.Nxd7 Nbxd7 10.Nc3 O-O 11.O-O a6 12.Be2 Qa5 13.Qh4 Rac8 14.Be3 e6 15.Rad1 Ne5
16.Bd4 Rfd8 17.Qf4 Nd5 18.Nxd5 Rxd5 19.c4 Rdd8 20.Bc3 Qc5 21.b4 Qc7 22.a5 h6
23.c5 g5 24.Qe3 Nc6 25.Bxg7 Kxg7 26.Qc3+ Qe5 27.Qxe5+ Nxe5 28.Rxd8 Rxd8 29.Rb1 Kf6
30.Kf1 Rd2 31.b5 axb5 32.Rxb5 Ra2 33.h3  0-1

[Event "European Senior Teams 2012"]
[Site "Rogaska Slatina SLO"]
[Date "2012.03.31"]
[Round "5.8"]
[White "Kirmas,J"]
[Black "Nordstrom,F"]
[Result "0-1"]
[WhiteElo "2050"]
[BlackElo "2160"]

1.e4 c5 2.Nf3 d6 3.Bb5+ Bd7 4.Bxd7+ Qxd7 5.O-O Nc6 6.d4 cxd4 7.Nxd4 Nf6 8.Nc3 g6
9.Re1 Bg7 10.Be3 Ng4 11.Nb3 Nxe3 12.Rxe3 O-O 13.Qe2 Rac8 14.Rd1 Ne5 15.Nd2 a6
16.f4 Nc6 17.Nf3 Na5 18.Nd5 Nc4 19.Rb3 b5 20.Kh1 Nxb2 21.Nb6 Qc7 22.Nxc8 Nxd1
23.Nxe7+ Qxe7 24.Qxd1 Qxe4 25.Qd2 Rc8 26.Rd3 Bf8 27.h3 Rc4 28.Rd4 Qxc2 29.Rxd6 Bxd6
30.Qxd6 Qc1+ 31.Ng1 Qxf4 32.Qxa6 b4 33.Qb6 Kg7 34.Qb5 Rc1 35.Qb6 h5 36.Qa7 Rc2
37.Qa8 Qf2 38.Qd5 Rc1  0-1

[Event "TCh-CZE Liga 1 Zapad"]
[Site "Czech Rep CZE"]
[Date "2012.04.01"]
[Round "11.8"]
[White "Boukal,P"]
[Black "Roj,M"]
[Result "1-0"]
[WhiteElo "2207"]
[BlackElo "2179"]

1.e4 c5 2.Nf3 d6 3.Bb5+ Nd7 4.c3 Nf6 5.Qe2 a6 6.Ba4 Qc7 7.d3 b5 8.Bc2 Bb7
9.O-O g6 10.Re1 Bg7 11.Nbd2 O-O 12.Nf1 e5 13.Ng3 Rfe8 14.Bg5 h6 15.Bc1 d5
16.h4 h5 17.Ng5 Nf8 18.Bd1 Ne6 19.Nxe6 Rxe6 20.Qc2 Nh7 21.Bf3 d4 22.cxd4 exd4
23.Ne2 Be5 24.g3 Re7 25.Nf4 Rae8 26.Bd2 Qb6 27.Nd5 Bxd5 28.exd5 Bd6 29.Rxe7 Rxe7
30.a4 Qb8 31.Kg2 Qc8 32.axb5 axb5 33.Ra5 Rb7 34.Ra6 Qb8 35.Rc6 Kg7 36.Bc1 Nf6
37.b4 c4 38.dxc4 bxc4 39.Qxc4 Rxb4 40.Qa6 Be5 41.Bg5 Nd7 42.Be4 Rb6 43.Qc4 Rb4
44.Qc1 Qb5 45.Bh6+ Kh7 46.Qg5  1-0

[Event "35th San Sebastian Open"]
[Site "Donostia ESP"]
[Date "2012.04.01"]
[Round "2"]
[White "Romanishin,O"]
[Black "Sahl,S"]
[Result "1-0"]
[WhiteElo "2541"]
[BlackElo "2214"]

1.e4 c5 2.Nf3 d6 3.Bb5+ Bd7 4.c4 Nc6 5.Nc3 e6 6.Bxc6 Bxc6 7.d4 cxd4 8.Nxd4 Rc8
9.O-O a6 10.Be3 Nf6 11.f3 Be7 12.Rc1 O-O 13.Qb3 Qc7 14.Nd5 Qd8 15.Nxe7+ Qxe7
16.Rfd1 h6 17.Qa3 Rfe8 18.Bf4 d5 19.Qxe7 Rxe7 20.cxd5 exd5 21.Nf5 Rd7 22.exd5 Rcd8
23.d6 Kh7 24.h4 Nd5 25.Bg3 g6 26.Nd4 Ne3 27.Re1 Nf5 28.Nxf5 gxf5 29.Rc5 Kg6
30.Kf2 Rxd6 31.Bxd6 Rxd6 32.Ree5 Rd2+ 33.Re2 Rd4 34.h5+ Kxh5 35.Rxf5+ Kg6
36.Rc5 h5 37.Ke3 Rd1 38.Rd2 Rb1 39.b3 f6 40.Kf4 Rh1 41.Rd6 Rh4+ 42.Kg3 Rb4
43.Rc4 Rb5 44.Rf4 a5 45.Kh4 Rc5 46.Rdxf6+ Kg7 47.Rf7+ Kg8 48.R7f5 Rc2 49.Rg5+ Kh7
50.Rxh5+  1-0

[Event "17th Metropolitan IM"]
[Site "Los Angeles USA"]
[Date "2012.04.01"]
[Round "9"]
[White "Visweswaran,K"]
[Black "Clawitter,C"]
[Result "0-1"]
[WhiteElo "2281"]
[BlackElo "2097"]

1.e4 c5 2.Nf3 d6 3.Bb5+ Bd7 4.a4 g6 5.O-O Bg7 6.c3 Nf6 7.Re1 a6 8.Bc4 Nc6
9.d4 cxd4 10.cxd4 Bg4 11.Ra3 O-O 12.h3 Bxf3 13.Rxf3 d5 14.exd5 Nxd5 15.Bb3 Nxd4
16.Rd3 Nb4 17.Rd2 Nbc6 18.Nc3 Qa5 19.Ba2 Rad8 20.Qg4 e6 21.Red1 Nf5 22.Ne4 Rd4
23.Rxd4 Ncxd4 24.Nc3 Rd8 25.Bg5 Rd7 26.Qe4 Qe5 27.Qxe5 Bxe5 28.Kf1 h6 29.Bc1 Kh7
30.Ne4 Rc7 31.g4 Ne7 32.Be3 Nec6 33.Nc5 Nc2 34.Bc1 N6b4 35.Nd7 Nxa2 36.Nxe5 Nxc1
37.h4 Nb3 38.Rd8 Ncd4 39.Kg2 Nc6 40.Nxc6 bxc6  0-1

[Event "Semana Santa LAB Open"]
[Site "Bogota COL"]
[Date "2012.04.04"]
[Round "1"]
[White "Tovio,I"]
[Black "Hernandez,Go"]
[Result "1-0"]
[WhiteElo "2275"]
[BlackElo "2148"]

1.e4 c5 2.Nf3 d6 3.Bb5+ Bd7 4.Bxd7+ Qxd7 5.O-O g6 6.c3 Bg7 7.d4 cxd4 8.cxd4 Nf6
9.Nc3 O-O 10.Qe2 Nc6 11.d5 Nb4 12.Be3 Na6 13.Bd4 Nc7 14.Rac1 b5 15.a3 Rfc8
16.Rc2 a6 17.Rd1 Qe8 18.Rdc1 e5 19.Bb6 Qd7 20.Na2 Nce8 21.Nb4 Rxc2 22.Rxc2 Qg4
23.Ne1 Qxe4 24.Qxe4 Nxe4 25.f3 N4f6 26.Ned3 a5 27.Nc6 Nxd5 28.Bxa5 f5 29.Ndb4 Ne3
30.Re2 Nc4 31.Bd8 e4 32.fxe4 f4 33.Bg5 Bxb2 34.Bxf4 Rxa3 35.h3 Ra1+ 36.Kh2 Bc1
37.Bxc1 Rxc1 38.Nd5 Na3 39.Rf2 Nc7 40.Nde7+ Kg7 41.Nd8 Rc2 42.Rf7+ Kh8 43.Nec6 Na6
44.Ne6 h5 45.Ne7  1-0

[Event "European Senior Teams 2012"]
[Site "Rogaska Slatina SLO"]
[Date "2012.04.04"]
[Round "9.6"]
[White "Westerinen,H"]
[Black "Hoelzl,F"]
[Result "1/2-1/2"]
[WhiteElo "2325"]
[BlackElo "2336"]

1.e4 c5 2.Nf3 d6 3.Bb5+ Bd7 4.Bxd7+ Nxd7 5.O-O e6 6.b3 Be7 7.Bb2 Bf6 8.d4 cxd4
9.Bxd4 Ne7 10.Bxf6 Nxf6 11.Re1 d5 12.exd5 Nexd5  1/2-1/2

[Event "6th Philadelphia Open"]
[Site "Philadelphia USA"]
[Date "2012.04.05"]
[Round "3.17"]
[White "Kashtanov,R"]
[Black "Williams,Justus D"]
[Result "1-0"]
[WhiteElo "2361"]
[BlackElo "2197"]

1.e4 c5 2.Nf3 d6 3.Bb5+ Bd7 4.Bxd7+ Qxd7 5.O-O Nc6 6.Qe2 g6 7.c3 Bg7 8.Na3 e5
9.Rd1 Nge7 10.Nc2 O-O 11.d4 cxd4 12.cxd4 Qc7 13.Bg5 h6 14.Bh4 g5 15.Bg3 Qb6
16.d5 Nb4 17.Ne3 f5 18.exf5 Nxf5 19.a3 Na6 20.Nxf5 Rxf5 21.Nd2 Qxb2 22.Qg4 Rf6
23.Ne4 Rg6 24.Rab1 Qxa3 25.Qf5 Kh7 26.Rxb7  1-0

[Event "Semana Santa LAB Open"]
[Site "Bogota COL"]
[Date "2012.04.06"]
[Round "6"]
[White "Arribas Robaina,M"]
[Black "Ramirez,Hei"]
[Result "1-0"]
[WhiteElo "2318"]
[BlackElo "2089"]

1.e4 c5 2.Nf3 d6 3.Bb5+ Bd7 4.a4 g6 5.O-O Bg7 6.Re1 Nf6 7.Nc3 O-O 8.h3 Nc6
9.d3 a6 10.Bc4 Na5 11.Bg5 Rb8 12.e5 Nxc4 13.dxc4 dxe5 14.Nxe5 Be6 15.Qe2 h6
16.Bh4 Kh7 17.Rad1 Qa5 18.Qf3 Qb4 19.b3 Rbd8 20.Bxf6 Bxf6 21.Nd5 Bxd5 22.cxd5 Kg7
23.Nc4 b5 24.Ne5 Qh4 25.axb5 axb5 26.Ng4 h5 27.Nxf6 Qxf6 28.Qe2 Qc3 29.Qxb5 Qxc2
30.Rc1 Qd2 31.Red1 Qa2 32.Rd3 Rb8 33.Qc4 Rb4 34.Qc3+ Kg8 35.Ra1 Qe2 36.Re1 Qa2
37.Rxe7 Rf4 38.Rf3 Rxf3 39.Qxf3 c4 40.bxc4 Qxc4 41.g3 Qc5 42.Qe4 Qd6 43.Re8 Qd7
44.Rxf8+ Kxf8 45.Qe5 Qxh3 46.d6  1-0

[Event "O2C Doeberl Cup Premier 2012"]
[Site "Canberra AUS"]
[Date "2012.04.06"]
[Round "3.2"]
[White "Lane,G"]
[Black "Szabo,G ROM"]
[Result "1/2-1/2"]
[WhiteElo "2368"]
[BlackElo "2553"]

1.e4 c5 2.Nf3 d6 3.Bb5+ Nd7 4.d4 Nf6 5.O-O cxd4 6.Qxd4 a6 7.Bxd7+ Bxd7 8.c4 g6
9.Nc3 Bg7 10.Bg5 O-O 11.Rfe1 Rc8 12.Qd3 Re8 13.a4 Be6 14.b3 Nd7 15.Rab1 h6
16.Be3 Nc5 17.Qd2 Bxc3 18.Qxc3 Nxe4 19.Qc2 Nf6 20.Nd4 Bd7 21.Rbd1 Kh7 22.Bc1 Qa5
23.Qd3 e5 24.Ne2 Rc6 25.Qf3 Qd8 26.h3 Be6 27.Ng3 Ng8 28.Ba3 f5 29.Qd3 e4
30.Qd4 Qf6 31.Bxd6 Qxd4 32.Rxd4 Kg7 33.Ne2 Nf6  1/2-1/2

[Event "II Brazil Open 2012"]
[Site "Fortaleza BRA"]
[Date "2012.04.06"]
[Round "2"]
[White "Chang,S"]
[Black "Barreto Filho,C"]
[Result "0-1"]
[WhiteElo "2055"]
[BlackElo "2324"]

1.e4 c5 2.Nf3 d6 3.Bb5+ Bd7 4.Bxd7+ Qxd7 5.O-O Nc6 6.c3 Nf6 7.Qe2 e6 8.d4 cxd4
9.cxd4 d5 10.e5 Ne4 11.Be3 Be7 12.Ne1 h6 13.f3 Ng5 14.Nd2 O-O 15.Bf2 Rac8
16.Nd3 b6 17.Rfc1 Na5 18.f4 Nh7 19.Ne1 Rfe8 20.a3 b5 21.Nd3 Nc4 22.Nb3 a5
23.Nbc5 Qa7 24.a4 b4 25.b3 Nb6 26.Rc2 Rc7 27.Rac1 Rec8 28.Qh5 Nd7 29.Be3 Nxc5
30.dxc5 Qa6 31.Qd1 Nf8 32.Qd2 Ng6 33.Nf2 Nh4 34.Qd3 Qa8 35.Bd4 Nf5 36.g4 Nxd4
37.Qxd4 Rc6 38.Nd3 R8c7 39.Kf2 Qc8 40.Kf3 g5 41.fxg5 hxg5 42.Kf2 Qf8 43.Qe3 Qg7
44.h3 Qg6 45.Kf3 Qh7 46.Ke2 Rd7 47.Nf2 d4 48.Qd3 Qh4 49.Qe4 Rd5 50.Nd3 Bd8
51.Rc4 Qxh3 52.Rh1 Qe3+ 53.Qxe3 dxe3 54.Kxe3 f6 55.exf6 Bxf6 56.Ke4 Kf7  0-1

[Event "II Brazil Open 2012"]
[Site "Fortaleza BRA"]
[Date "2012.04.06"]
[Round "3"]
[White "Vescovi,G"]
[Black "Brito,L"]
[Result "1-0"]
[WhiteElo "2604"]
[BlackElo "2247"]

1.e4 c5 2.Nf3 d6 3.Bb5+ Nd7 4.d4 cxd4 5.Qxd4 a6 6.Bxd7+ Bxd7 7.Nc3 Bc6 8.Qd3 Nf6
9.Bg5 e6 10.O-O-O Be7 11.Nd4 Qa5 12.f4 h6 13.Bxf6 gxf6 14.f5 Bd7 15.Kb1 Rc8
16.Rhe1 Rg8 17.g3 b5 18.fxe6 fxe6 19.Nf5 exf5 20.exf5 Rc6 21.Nd5 Rg7 22.Nxf6+ Kd8
23.Nxd7 Kxd7 24.f6  1-0

[Event "VIII Lubuska Wiosna Open"]
[Site "Gorzow Wielkopolski POL"]
[Date "2012.04.06"]
[Round "6"]
[White "Strzemiecki,Z"]
[Black "Swiderski,Ra"]
[Result "1-0"]
[WhiteElo "2398"]
[BlackElo "1850"]

1.e4 c5 2.Nf3 d6 3.Bb5+ Nd7 4.O-O a6 5.Bxd7+ Bxd7 6.d4 cxd4 7.Qxd4 Nf6 8.c4 g6
9.Nc3 Bg7 10.Qd3 O-O 11.Be3 b5 12.cxb5 axb5 13.a3 Qa5 14.b4 Qa6 15.Bd4 Be6
16.Nd2 Rab8 17.a4 Bc4 18.Nxc4 bxc4 19.Qb1 Qb7 20.b5 d5 21.e5 Ne4 22.Qb2 Rfc8
23.Nxe4 dxe4 24.Rfb1 Rd8 25.a5 Qd5 26.Bc3 Bh6 27.b6 e3 28.f3 Qc5 29.Kh1 Rd2
30.Bxd2 exd2 31.a6 c3 32.Qc2  1-0

[Event "e2e4 Dublin Easter Masters"]
[Site "Dublin IRL"]
[Date "2012.04.07"]
[Round "5"]
[White "Collins,S IRL"]
[Black "Romero Holmes,A"]
[Result "1/2-1/2"]
[WhiteElo "2439"]
[BlackElo "2501"]

1.e4 c5 2.Nf3 d6 3.Bb5+ Bd7 4.Bxd7+ Qxd7 5.O-O Nc6 6.Qe2 Nf6 7.Rd1 Rc8 8.c3 e6
9.d4 cxd4 10.cxd4 d5 11.Nc3 Bb4 12.Ne5 Nxe5 13.dxe5 Bxc3 14.exf6 Bxf6 15.exd5 O-O
16.dxe6 Qxe6 17.Qxe6 fxe6 18.Be3 Rc2 19.Bxa7 Ra8 20.Be3 Rxb2 21.g4 Raxa2
22.Rxa2 Rxa2 23.Rd7 b5 24.Rb7 Rb2 25.g5 Be5 26.h4 g6 27.Re7 b4 28.Bc5 Bc3
29.Re8+ Kf7 30.Re7+ Kg8 31.Re8+ Kf7  1/2-1/2

[Event "Pobeskydi Open 2012"]
[Site "Frydek Mistek CZE"]
[Date "2012.04.07"]
[Round "6"]
[White "Cempel,J"]
[Black "Vucic,Mi"]
[Result "1-0"]
[WhiteElo "2200"]
[BlackElo "1950"]

1.e4 c5 2.Nf3 d6 3.Bb5+ Bd7 4.Bxd7+ Qxd7 5.O-O Nf6 6.Re1 Nc6 7.c3 g6 8.d4 cxd4
9.cxd4 Bg7 10.d5 Nb8 11.Nc3 O-O 12.Bg5 Na6 13.Qd2 Rfc8 14.h3 Nc5 15.e5 dxe5
16.Nxe5 Qc7 17.Ng4 Qd6 18.Bf4 Qd7 19.Ne5 Qe8 20.Rad1 Rd8 21.Qe3 Rac8 22.Bg5 Na4
23.Nxa4 Qxa4 24.Nxf7 Rf8 25.Qe6 Rc2 26.Ne5+ Kh8 27.Qxe7 Re8 28.Qxb7 Re2 29.Qc6 Qe4
30.Nf3 Qf5 31.Rxe2 Rxe2 32.d6 Rc2 33.Qa8+ Rc8 34.Qxa7 Ne4 35.d7  1-0

[Event "Semana Santa LAB Open"]
[Site "Bogota COL"]
[Date "2012.04.08"]
[Round "8"]
[White "Ceron,Juan Carlos"]
[Black "Becerra,J"]
[Result "0-1"]
[WhiteElo "2039"]
[BlackElo "2318"]

1.e4 c5 2.Nf3 d6 3.Bb5+ Nc6 4.O-O Bd7 5.c3 Nf6 6.Re1 a6 7.Ba4 b5 8.Bc2 Bg4
9.d3 e6 10.a4 b4 11.a5 Be7 12.Ba4 Qc7 13.cxb4 O-O 14.Bxc6 Qxc6 15.bxc5 Qxc5
16.Nbd2 d5 17.e5 Nd7 18.Qa4 Bxf3 19.Nxf3 Qc7 20.Qg4 Kh8 21.Bg5 Bxg5 22.Nxg5 h6
23.Nf3 Qc2 24.Qd4 Rab8 25.b4 Rfc8 26.h3 Kg8 27.Rab1 Rc7 28.Qe3 Qa4 29.Rec1 Rcb7
30.Qd4 Rxb4 31.Rxb4 Rxb4 32.Qa7 Kh7 33.Qxa6 Nc5 34.Qa7 Nxd3 35.Rf1 Rf4 36.Qe3 Qc4
37.Rd1 Nb4 38.Rc1 Qe4 39.Qxe4+ Rxe4 40.Rc7 Kg6 41.Rb7 Nc6 42.a6 Ra4 43.Rb6 Nd8
44.Rb8 Nc6 45.Rb6 Ne7 46.Rb7 Nc6 47.Rb6 Nd4 48.Nxd4 Rxd4 49.a7 Ra4 50.Rb7 f6
51.exf6 gxf6 52.Kf1 Ra2 53.Ke1 Kf5 54.Kd1 Ke4 55.g4 d4 56.Kc1 e5 57.Kb1 Ra6
58.Kc2 Kf3 59.Rf7 Ke2 60.Rxf6 Rxa7 61.Re6 Ra5 62.f4 d3+ 63.Kc3 d2 64.Kb4 d1=Q
65.Kxa5 Qd5+  0-1

[Event "O2C Doeberl Cup Premier 2012"]
[Site "Canberra AUS"]
[Date "2012.04.08"]
[Round "9.6"]
[White "Lane,G"]
[Black "Zeng,C"]
[Result "1/2-1/2"]
[WhiteElo "2368"]
[BlackElo "2435"]

1.e4 c5 2.Nf3 d6 3.Bb5+ Nd7 4.d4 cxd4 5.Qxd4 a6 6.Bxd7+ Bxd7 7.Bg5 Rc8 8.Nc3 h6
9.Bh4 e5 10.Qd3 Qc7 11.O-O-O Be6 12.Rhe1 g5 13.Bg3 Qc4 14.Qxc4 Rxc4 15.Nd2 Rc6
16.Nf1 Nf6 17.f3 Be7 18.Ne3 b5 19.a3 h5 20.h4 g4 21.Bf2 Rg8 22.Ne2 Bd8 23.Ng3 Bb6
24.Rd2 gxf3 25.gxf3 Bxe3 26.Rxe3 a5 27.b3 Ke7 28.Kb2 Rgc8 29.Ne2 a4 30.Nc3 b4
31.Nb1 bxa3+ 32.Nxa3 Rb8 33.Rdd3 Rcb6 34.Be1 axb3 35.cxb3 d5 36.exd5 Nxd5
37.Nc4 Nxe3 38.Nxb6 Nf5 39.Nd5+ Bxd5 40.Rxd5 Ke6 41.Rd3 Rg8 42.b4 Rg2+ 43.Kb3 Re2
44.Bc3 Nxh4 45.b5 Nf5 46.b6 Nd6 47.Kb4 e4 48.fxe4 Rxe4+ 49.Ka5 h4 50.Bd4 f5
51.Bf2 Re2 52.Bd4 Re4 53.Bf2 Re2 54.Bd4 f4 55.Rh3 Re4 56.Bf2 Kd5 57.Rxh4 Kc6
58.Rh6 Re5+ 59.Kb4 Re2  1/2-1/2

[Event "Pobeskydi Open 2012"]
[Site "Frydek Mistek CZE"]
[Date "2012.04.08"]
[Round "8"]
[White "Walkusz,W"]
[Black "Petr,Ja2"]
[Result "1-0"]
[WhiteElo "2133"]
[BlackElo "1972"]

1.e4 c5 2.Nf3 d6 3.Bb5+ Bd7 4.a4 Nc6 5.O-O g6 6.Re1 Bg7 7.c3 e5 8.Na3 Nge7
9.Nc4 Qc7 10.d4 O-O 11.dxc5 dxc5 12.Qd6 Qxd6 13.Nxd6 b6 14.a5 Be6 15.axb6 axb6
16.Be3 Rfd8 17.Rxa8 Rxa8 18.Ng5 Bb3 19.Bc4 Bxc4 20.Nxc4 h6 21.Nf3 Rb8 22.Ra1 b5
23.Na5 Ra8 24.Bxc5 Rxa5 25.Rxa5 Nxa5 26.Bxe7 f6 27.Nd2 Kf7 28.Bc5 Nc4 29.Nxc4 bxc4
30.Kf1 Ke6 31.Ke2 Kd7 32.Kd2 Kc6 33.Be7 Kb5 34.Kc2 Ka4 35.g4 h5 36.gxh5 gxh5
37.h3 Kb5 38.Kb1 Ka5 39.Ka2 Ka4 40.b3+ cxb3+ 41.Kb2 Bh6 42.Bxf6 Bf4 43.Be7 Bd2
44.Bf6 Bf4 45.Bh4 Bh6 46.Bg3 Bg7 47.f4 exf4 48.Bxf4 Bf8 49.e5 Ba3+ 50.Kb1 Be7
51.Bh6 Kb5 52.Bg7 Kc6 53.Bf6 Bxf6 54.exf6 Kd6 55.Kb2 Ke6 56.Kxb3 Kxf6 57.Kb4 Ke5
58.h4 Kf4 59.c4 Kg3 60.c5 Kxh4 61.c6 Kg3 62.c7 h4 63.c8=Q h3 64.Qc7+ Kg2
65.Qc6+ Kg1 66.Qc5+ Kh1 67.Qd5+ Kg1 68.Qd4+ Kh1 69.Qe4+ Kg1 70.Qe3+ Kg2 71.Qe2+  1-0